| 000 | 00000nam 2200000za 4500 |
| 001 | 9.605611 |
| 003 | CaOODSP |
| 005 | 20210624212213 |
| 007 | cr ||||||||||| |
| 008 | 150406|1989||||xxc|||||o f|0| 0 fre d |
| 040 | |aCaOODSP|bfre |
| 043 | |an-cn--- |
| 086 | 1 |aJS74-3/2-1989F-PDF |
| 245 | 03|aLa réinstallation - peut-elle se faire sans difficulté? |h[ressource électronique]. |
| 260 | |aOttawa : |bComité externe d'examen de la Gendarmerie royale du Canada, |cc1989. |
| 300 | |a29 p. |
| 490 | 1 |aDocument de recherche ; |v2 |
| 500 | |aLe n° de cat. (JS 74-3/1-2) et l'ISBN (0-662-56429-4) imprimés dans cette publication sont incorrects. |
| 590 | |a13-11-Supp|b2013-04-26 |
| 710 | 1 |aCanada. |bComité externe d'examen de la Gendarmerie royale du Canada. |
| 775 | 08|tRelocation - a painless process? |w(CaOODSP)9.576403 |
| 830 | #0|aDocument de recherche (Comité externe d'examen de la Gendarmerie royale du Canada)|v2|w(CaOODSP)9.503864 |
| 856 | 40|ahttp://publications.gc.ca|qPDF|s79 Ko|uhttps://publications.gc.ca/collections/collection_2013/cee-erc/JS74-3-2-1989-fra.pdf|y2 |